Les 50 Armées les plus Puissantes du Monde - Statistiques

Statistiques générales
  • Ce quiz a été pris 3 758 fois
  • Le résultat moyen est 37 sur 50
Statistiques - réponses
Rang Réponse Indice de Puissance
(PowerIndex)
% Correct
3 Chine 0.0511
99%
1 États-Unis 0.0453
99%
7 France 0.1283
99%
2 Russie 0.0501
99%
4 Inde 0.0979
95%
8 Royaume-Uni 0.1382
94%
5 Japon 0.1195
94%
16 Allemagne 0.2322
93%
19 Espagne 0.2901
93%
10 Brésil 0.1695
92%
6 Corée du Sud 0.1261
91%
11 Italie 0.1801
91%
30 Corée du Nord 0.4621
90%
23 Canada 0.3601
89%
43 Mexique 0.6423
88%
31 Algérie 0.4724
86%
40 Argentine 0.6091
86%
9 Pakistan 0.1572
84%
17 Australie 0.2377
83%
24 Pologne 0.4179
83%
22 Ukraine 0.3266
83%
13 Turquie 0.1961
82%
14 Iran 0.2104
81%
26 Afrique du Sud 0.4276
80%
12 Égypte 0.1869
80%
49 Portugal 0.7282
79%
25 Suède 0.4231
79%
18 Israël 0.2621
78%
34 Irak 0.5597
75%
33 Norvège 0.5455
75%
20 Arabie Saoudite 0.2966
74%
15 Indonésie 0.2251
70%
44 Colombie 0.6438
69%
27 Grèce 0.4506
68%
32 Suisse 0.5015
68%
28 Viêt Nam 0.4521
64%
29 Thaïlande 0.4581
61%
37 Pays-Bas 0.5937
60%
38 Roumanie 0.5938
57%
47 Syrie 0.6953
57%
50 Pérou 0.7453
55%
45 Venezuela 0.6664
53%
35 Nigéria 0.5745
51%
36 Émirats Arabes Unis 0.5859
47%
48 Malaisie 0.7091
43%
21 Taïwan 0.3215
43%
46 Bangladesh 0.6851
42%
41 République Tchèque 0.6161
40%
39 Birmanie 0.5972
38%
42 Singapour 0.6253
28%
Aucun quiz correspondant
Distribution des résultats
% des personnes avec chaque résultat
Percentile par nombre de réponses
Votre historique - résultats
Vous n’avez pas pris ce quiz